| 000 | 01409nam a22001817a 4500 | ||
|---|---|---|---|
| 003 | NUST | ||
| 040 | _a0 | ||
| 082 | _a005.1,AKH | ||
| 100 |
_aAkhtar, Zunair _9114281 |
||
| 245 |
_aMilitary Virtual Telepresence Robot / _bCapt Zunair Akhtar, Capt Ammar Faroor, Capt Ehtasham Arshad, Capt Mujtaba Rind |
||
| 264 |
_aMCS, NUST _bRawalpindi _c2023 |
||
| 300 | _axii, 61 | ||
| 505 | _aThis Virtual Telepresence Robot with a camera is placed in a remote location to capture the environment in visual form using Arduino UNO microcontroller. The captured visuals are displayed on the user’s virtual reality (VR) headset. An added feature allows the camera to move in the direction of the user’s head movements. This gives the user a real-time ex- perience as if he is present where the virtual telepresence robot is located. The virtual telepresence robot can also be moved in any direction through an app installed in the user’s smartphone. Virtual telepresence robot is a revolution in the robotics and IOT domain. The enhanced Virtual reality is the main objective of this project. IOTs, clouds and controller are the key constituents of the virtual telepresence robot. The data from the software is saved and transmitted by cloud storage platform known as IOT cloud. | ||
| 650 |
_aUG BESE _9114271 |
||
| 690 |
_aBESE-25 _9114270 |
||
| 700 |
_aSupervisor Wajahat Sultan _9114282 |
||
| 942 |
_2ddc _cPR |
||
| 999 |
_c595647 _d595647 |
||